|
|
|
|
| LEADER |
00000nas a2200000 a 4500 |
| 001 |
ssj0001228 |
| 003 |
WaSeSS |
| 005 |
20200512172242.0 |
| 006 |
m d |
| 007 |
cr n |
| 008 |
860915d19861992nyuwn p s 0 a0eng c |
| 010 |
|
|
|a 89644400
|z sn 86041527
|
| 016 |
|
|
|a (AMICUS)000006889694
|
| 022 |
|
|
|l 0892-8274
|y 0892-8274
|
| 030 |
|
|
|a AMWEE8
|
| 035 |
|
|
|a (WaSeSS)ssj0001228
|
| 040 |
|
|
|a MNR
|b eng
|c MNR
|d IXA
|d IUL
|d NSD
|d HUL
|d NSD
|d NST
|d DLC
|d NSD
|d MYG
|d NSD
|d NST
|d DLC
|d NST
|d GUA
|d NST
|d NSD
|d CLU
|d DLC
|d GUA
|d DLC
|d GUA
|d OCLCQ
|d AU@
|d OCLCQ
|d OCLCO
|d OCLCF
|d NLC
|d OCLCQ
|d WaSeSS
|
| 042 |
|
|
|a pcc
|a nsdp
|
| 043 |
|
|
|a n-us---
|
| 050 |
0 |
0 |
|a HF5801
|b .A43
|
| 082 |
0 |
0 |
|a 659.1/0973
|2 19
|
| 210 |
0 |
|
|a Adweek's mark. week
|
| 222 |
|
0 |
|a Adweek's marketing week
|
| 245 |
0 |
0 |
|a Adweek's marketing week
|h [electronic resource].
|
| 246 |
3 |
0 |
|a Marketing week
|
| 246 |
1 |
7 |
|a Adweek
|f 1986-
|
| 250 |
|
|
|a National marketing ed.
|
| 260 |
|
|
|a New York :
|b A/S/M Communications,
|c 1986-1992.
|
| 310 |
|
|
|a Weekly (except last week of year),
|b <Apr. 17, 1989>-1992
|
| 321 |
|
|
|a Sixty-four no. a year,
|b 1986-
|
| 362 |
0 |
|
|a Vol. 27, no. 42 (Sept. 8, 1986)-v. 33, no. 26 (June 29, 1992).
|
| 500 |
|
|
|a Title from caption.
|
| 500 |
|
|
|a Issues for <Apr. 17, 1989>-June 29, 1992 lack edition statement.
|
| 506 |
|
|
|a License restrictions may limit access.
|
| 525 |
|
|
|a Supplements accompany some issues.
|
| 650 |
|
0 |
|a Advertising
|z United States
|v Periodicals.
|
| 650 |
|
0 |
|a Commercial products
|z United States
|x Marketing
|v Periodicals.
|
| 650 |
|
7 |
|a Advertising.
|2 fast
|0 (OCoLC)fst00797511
|
| 650 |
|
7 |
|a Commercial products
|x Marketing.
|2 fast
|0 (OCoLC)fst00869600
|
| 651 |
|
7 |
|a United States.
|2 fast
|0 (OCoLC)fst01204155
|
| 655 |
|
0 |
|a Electronic journals.
|
| 770 |
0 |
|
|t Superbrands
|g 1990-1992
|w (DLC) 90643263
|w (OCoLC)22462491
|
| 770 |
0 |
|
|t Adweek. Magazine world
|g 1990
|w (DLC)sn 91024038
|w (OCoLC)23298062
|
| 770 |
0 |
|
|t Media outlook (New York, N.Y.)
|g <1990>-1992
|w (DLC) 92660613
|w (OCoLC)26660068
|
| 770 |
0 |
|
|t TV syndication
|g <1990->
|w (DLC)sn 95029203
|w (OCoLC)27122328
|
| 780 |
0 |
0 |
|t Adweek (National marketing edition)
|x 0888-3718
|w (DLC)sn 85062013
|w (OCoLC)12275166
|
| 785 |
0 |
0 |
|t Brandweek
|x 1064-4318
|w (DLC) 92656216
|w (OCoLC)26229873
|
| 850 |
|
|
|a AAP
|a AU
|a AzTeS
|a CLU
|a CoU
|a DGW
|a DLC
|a GU
|a ICarbS
|a IaU
|a InU
|a KMK
|a KyLoU
|a MBU
|a MCM
|a MH-BA
|a MiEM
|a MnU
|a MoU
|a NN
|a NcU
|a NhD
|a OCU
|a OU
|a OrCS
|a TxCM
|a TxDaM
|a TxU
|a UU
|a ViU
|
| 856 |
4 |
0 |
|z Full text available from Research Library: 01/06/1992 to 06/30/1992
|u https://search.proquest.com/publication/36191
|